A case study: the phenomenon of adult learning by an inmate serving a life term without parole

Saved in:  
Bibliographic Details
Main Author: Lizárraga, Elizabeth S. (Author)
Format: Print Book
Language:English
Published: 2005
In:Year: 2005
Check availability: HBZ Gateway
Subito Delivery Service: Order now.
Keywords:

MARC

LEADER 00000cam a2200000 c 4500
001 1327691841
003 DE-627
005 20220526115126.0
007 tu
008 061006s2005 xx ||||| m 00| ||eng c
024 8 |a 3201509  |q Order no. 
035 |a (DE-627)1327691841 
035 |a (DE-576)257691847 
035 |a (DE-599)BSZ257691847 
040 |a DE-627  |b ger  |c DE-627  |e rakwb 
041 |a eng 
100 1 |a Lizárraga, Elizabeth S.  |4 aut 
245 1 2 |a A case study  |b the phenomenon of adult learning by an inmate serving a life term without parole  |c by Elizabeth S. Lizárraga 
264 1 |c 2005 
300 |a IX, 236 S. 
336 |a Text  |b txt  |2 rdacontent 
337 |a ohne Hilfsmittel zu benutzen  |b n  |2 rdamedia 
338 |a Band  |b nc  |2 rdacarrier 
502 |a Arkansas, Univ., Diss., 2005 
583 1 |a Archivierung prüfen  |c 20200919  |f DE-640  |z 1  |2 pdager 
655 7 |a Hochschulschrift  |0 (DE-588)4113937-9  |0 (DE-627)105825778  |0 (DE-576)209480580  |2 gnd-content 
751 |a Arkansas <Ark.>  |4 uvp 
935 |a mkri 
951 |a BO 
ELC |b 1 
LOK |0 000 xxxxxcx a22 zn 4500 
LOK |0 001 2517517193 
LOK |0 003 DE-627 
LOK |0 004 1327691841 
LOK |0 005 20061006164829 
LOK |0 008 061006||||||||||||||||ger||||||| 
LOK |0 040   |a DE-Frei85  |c DE-627  |d DE-Frei85 
LOK |0 852   |z Kopie, erschienen im Verlag Univ. Microfilms Internat., 2006 
LOK |0 852   |a DE-Frei85 
LOK |0 852 1  |m p  |9 00 
LOK |0 938   |k p 
LOK |0 939   |a 06-10-06  |b l01 
ORI |a SA-MARC-krimdoka001.raw